00633nam a2200169Ia 4500008004100000100002600041245014700067245007600214260003300290260000900323300003100332440003400363650001300397650001500410650002300425650001500448190511s9999 xx 000 0 und d aChrysochoou, Elisavet aDifferences in vocabulary knowledge as a function of children's oral comprehension performance in Greek: A cross-sectional development study / cElisavet Chrysochoou, Zoe Bablekou, Smaragda Kazi, Nikolaos Tsigilis.-- bUniversity of Illinois Press c2018 aPages 211-223, Summer 2018 aJournal of Psychologyv131(2) aChildren aInferences aOral Comprehension aVocabulary